| 000 | 00544nam a2200193Ia 4500 | ||
|---|---|---|---|
| 008 | 190412s9999 xx 000 0 und d | ||
| 100 | _aAnthony McCosker | ||
| 245 | _aEngaging mental health online: Insights from beyondblue's forum influencers / | ||
| 245 | _cAnthony McCosker | ||
| 260 | _bSage | ||
| 260 | _c2018 | ||
| 300 | _apages 4748-4764, December 2018 | ||
| 440 |
_aNew Media & Society _v20 (12) |
||
| 650 | _aAffect | ||
| 650 | _aExpertise | ||
| 650 | _aInfluencers | ||
| 650 | _aMEDIA & SOCIETY | ||
| 942 |
_2lcc _cSE |
||
| 999 |
_c361413 _d361413 |
||